Моделирование модели точечной кинетики ядерного реактора на языке программирования Python; Интеллектуальная энергетика

Detalles Bibliográficos
Parent link:Интеллектуальная энергетика.— 2023.— С. 114-116
Autor principal: Качанов Д. Д.
Autor Corporativo: Национальный исследовательский Томский политехнический университет (570)
Sumario:Текстовый файл
Lenguaje:ruso
Publicado: 2023
Colección:Цифровое моделирование технических объектов и систем
Materias:
Acceso en línea:http://earchive.tpu.ru/handle/11683/80432
Formato: MixedMaterials Electrónico Capítulo de libro
KOHA link:https://koha.lib.tpu.ru/cgi-bin/koha/opac-detail.pl?biblionumber=673817

MARC

LEADER 00000naa2a2200000 4500
001 673817
005 20240806150940.0
090 |a 673817 
100 |a 20240725d2023 k||y0rusy50 ca 
101 0 |a rus 
102 |a RU 
135 |a drcn ---uucaa 
200 1 |a Моделирование модели точечной кинетики ядерного реактора на языке программирования Python  |f Качанов Д. Д.  |g Национальный исследовательский Томский политехнический университет 
225 1 |a Цифровое моделирование технических объектов и систем 
283 |2 RDAcarrier 
320 |a Список использованных источников: 3 назв. 
336 |a Текстовый файл 
463 |0 673775  |9 673775  |c Томск  |d 2023  |n Изд-во ТПУ  |t Интеллектуальная энергетика  |o сборник трудов I Всероссийской научно-практической конференции, Томск, 21–23 ноября 2023 г.  |u conference_tpu-2023-C136.pdf  |v С. 114-116  |p 1 файл (11 Мб, 252 с.) 
610 1 |a труды учёных ТПУ 
610 1 |a электронный ресурс 
610 1 |a математическое моделирование  
610 1 |a кинетика 
610 1 |a ядерные реакторы 
700 1 |a Качанов  |b Д. Д. 
712 0 2 |a Национальный исследовательский Томский политехнический университет  |c (2009- )  |9 26305  |4 570 
801 0 |a RU  |b 63413507  |c 20240725 
850 |a 63413507 
856 4 |u http://earchive.tpu.ru/handle/11683/80432  |z http://earchive.tpu.ru/handle/11683/80432 
942 |c CF